00209nam a22000857a 4500040000900000100002400009245003800033260004200071300001000113 cSCME aFrederick S.Simmons aRocket Exaust Plume Phenomenology aCaliforniabThe Aerospace Pressc2000 a286p.